000
00282nam a2200109Ia 4500
008
200302s9999 xx 000 0 und d
100
_a
ingrid D. Rowland & Other
245
_a
Architecture Style, Structure and Design
260
_b
J G Press Ltd.
260
_c
1982
300
_a
224 P.,
999
_c
1020
_d
1020